Anagramme - monuments du monde - Statistiques

Statistiques générales
  • Ce quiz a été pris 210 fois
  • Le résultat moyen est 17 sur 20
Statistiques - réponses
anagramme monument % Correct
al uotr iefelf la tour eiffel
100%
al uettas de la elierbt la statue de la liberté
96%
le jta amhal le taj mahal
95%
le aecrs-coeru le sacré-cœur
94%
el arphe d'daxelraine le phare d'alexandrie
91%
l'car ed irhtpmoe l'arc de triomphe
90%
al yiprmaed ed esphok la pyramide de khéops
89%
al dnarge urlaielm ed nhcie la grande muraille de chine
88%
le urm ed brenli le mur de berlin
88%
al epitte ieerns la petite sirène
84%
al hlrdteeaac onret mdae la cathédrale notre dame
78%
le mtno rhseuorm le mont rushmore
78%
el urm des nntatoseilam le mur des lamentations
78%
el otannpeh le panthéon
78%
sel ijnarsd ssnpseduu de ylenaobb les jardins suspendus de babylone
78%
el pxshni ed hzgei le sphinx de gizeh
78%
el ienmklr le kremlin
76%
el oscloes de rseodh le colosse de rhodes
72%
el eecilos le colisée
70%
le eaennnmk psi le manneken pis
66%
Aucun quiz correspondant
Distribution des résultats
% des personnes avec chaque résultat
Percentile par nombre de réponses
Votre historique - résultats
Vous n’avez pas pris ce quiz